03035 2201477 4500001002100000005001500021035002000036008004100056245003800097100001800135250000600153260003200159300001200191020002200203084001400225082000800239650001400247990001200261990001200273990001200285990001200297990001200309990001200321990001200333990001200345990001200357990001200369990001200381990001200393990001200405990001200417990001200429990001200441990001200453990001200465990001200477990001200489990001200501990001200513990001200525990001200537990001200549990001200561990001200573990001200585990001200597990001200609990001200621990001200633990001200645990001200657990001200669990001200681990001200693990001200705990001200717990001200729990001200741990001200753990001200765990001200777990001200789990001200801990001200813990001200825990001200837990001200849990001200861990001200873990001200885990001200897990001200909990001200921990001200933990001200945990001200957990001200969990001200981990001200993990001201005990001201017990001201029990001201041990001201053990001201065990001201077990001201089990001201101990001201113990001201125990001201137990001201149990001201161990001201173990001201185990001201197990001201209990001201221990001201233990001201245990001201257990001201269990001201281990001201293990001201305990001201317990001201329990001201341990001201353990001201365990001201377990001201389990001201401990001201413990001201425990001201437990001201449990001201461990001201473990001201485990001201497990001201509990001201521990001201533990001201545INLIS00000000000137920240626094523 a0010-0624000011240626 0 ind 1 aGeografi Kelas XI /cBudi Handoyo aHandoyo, Budi a1 aJakarta :bKEMDIKBUD,c2021 a234 hlm a978-602-244-845-7 a900 BUD g a900 4aNon Fiksi a0750577 a0750578 a0750579 a0750580 a0750581 a0750582 a0750583 a0750584 a0750585 a0750586 a0750587 a0750588 a0750589 a0750590 a0750591 a0750592 a0750593 a0750594 a0750595 a0750596 a0750597 a0750598 a0750599 a0750600 a0750601 a0750602 a0750603 a0750604 a0750605 a0750606 a0750607 a0750608 a0750609 a0750610 a0750611 a0750612 a0750613 a0750614 a0750615 a0750616 a0750617 a0750618 a0750619 a0750620 a0750621 a0750622 a0750623 a0750624 a0750625 a0750626 a0750627 a0750628 a0750629 a0750630 a0750631 a0750632 a0750633 a0750634 a0750635 a0750636 a0750637 a0750638 a0750639 a0750640 a0750641 a0750642 a0750643 a0750644 a0750645 a0750646 a0750647 a0750648 a0750649 a0750650 a0750651 a0750652 a0750653 a0750654 a0750655 a0750656 a0750657 a0750658 a0750659 a0750660 a0750661 a0750662 a0750663 a0750664 a0750665 a0750666 a0750667 a0750668 a0750669 a0750670 a0750671 a0750672 a0750673 a0750674 a0750675 a0750676 a0750677 a0750678 a0750679 a0750680 a0750681 a0750682 a0750683 a0750684